The fire Raisers : (Record no. 200091)

MARC details
000 -LEADER
fixed length control field 01110nam a2200325 a 4500
001 - CONTROL NUMBER
control field vtls000196621
003 - CONTROL NUMBER IDENTIFIER
control field NLI
005 - DATE AND TIME OF LATEST TRANSACTION
control field 20210602113033.0
008 - FIXED-LENGTH DATA ELEMENTS--GENERAL INFORMATION
fixed length control field 101125s1962 enk 000 d eng
020 ## - INTERNATIONAL STANDARD BOOK NUMBER
Terms of availability PND 0.60
039 #9 - LEVEL OF BIBLIOGRAPHIC CONTROL AND CODING DETAIL [OBSOLETE]
-- 201011252325
-- VLOAD
040 0# - CATALOGING SOURCE
Original cataloging agency NLI
Language of cataloging eng
Transcribing agency VERGIS-2010
Description conventions AACR2
041 1# - LANGUAGE CODE
Language code of text/sound track or separate title eng
Language code of original ger
044 ## - COUNTRY OF PUBLISHING/PRODUCING ENTITY CODE
MARC country code enk
082 04 - DEWEY DECIMAL CLASSIFICATION NUMBER
Classification number 832.91
245 04 - TITLE STATEMENT
Title The fire Raisers :
Remainder of title a morality without a moral with an afterpiece a play :
-- translated [from the German] by Max Frich
260 ## - PUBLICATION, DISTRIBUTION, ETC.
Place of publication, distribution, etc. London :
Name of publisher, distributor, etc. Methuen,
Date of publication, distribution, etc. 1962
300 ## - PHYSICAL DESCRIPTION
Extent 87 p. ;
Dimensions 20 cm.
500 ## - GENERAL NOTE
General note Library has 2 cops.
650 #0 - SUBJECT ADDED ENTRY--TOPICAL TERM
Topical term or geographic name entry element German drama
General subdivision Translations into English
9 (RLIN) 372720
700 1# - ADDED ENTRY--PERSONAL NAME
Personal name Frisch, Max,
Dates associated with a name 1911-1991,
Relationship trl
9 (RLIN) 373162
887 ## - NON-MARC INFORMATION FIELD
Content of non-MARC field
901 ## - LOCAL DATA ELEMENT A, LDA (RLIN)
a 356126
b 04.10.1963
9 c.1
901 ## - LOCAL DATA ELEMENT A, LDA (RLIN)
a G29343
b 28.05.1979
9 c.2
902 ## - LOCAL DATA ELEMENT B, LDB (RLIN)
a E 832.91 F 917 f
942 ## - ADDED ENTRY ELEMENTS (KOHA)
Source of classification or shelving scheme Dewey Decimal Classification
Koha item type Books
949 ## - LOCAL PROCESSING INFORMATION (OCLC)
-- VIRTUAITEM
-- 10000
-- 100
6 PUR000356126ENG
949 ## - LOCAL PROCESSING INFORMATION (OCLC)
-- VIRTUAITEM
-- 10000
-- 100
6 GXX000029343ENG
Holdings
Withdrawn status Lost status Damaged status Not for loan Collection code Home library Current library Shelving location Date acquired Total Checkouts Full call number Barcode Date last seen Price effective from Koha item type
        New English National Library of India National Library of India New English - Main Stack Division     E 832.91 F 917 f PUR000356126ENG 02/06/2021 02/06/2021 Books
        New English National Library of India National Library of India New English - Main Stack Division     E 832.91 F 917 f GXX000029343ENG 02/06/2021 02/06/2021 Books
                                                                           
web counter

Copyright ©2020 The National Library of India, Govt. of India ↔ Hosted by NVLI, MOC ↔ Technology and Design by National Library of India, Ministry of Culture, Govt. of India